An introduction to the poetic books of the Old Testament : the wisdom and songs of Israel /

Bibliographic Details
Main Author: Bullock, C. Hassell
Format: Book
Language:English
Published: Chicago : Moody Press, [1979]
Subjects:

MARC

Tag First Indicator Second Indicator Subfields
LEADER 00000pam a2200000 i 4500
001 in00000093612
005 20150927070201.0
008 790523s1979 ilu b 00110 eng
010 |a  79015684  
020 |a 0802441440 :  |c $8.95 
035 |a (OCoLC)05101459 
035 |9 AAL5460AM 
040 |a DLC  |c DLC  |d TXA  |d UtOrBLW 
049 |a TXAM  |c [1159420] 
050 0 0 |a BS1405.2  |b .B84 
082 0 |a 223/.06 
100 1 |a Bullock, C. Hassell. 
245 1 3 |a An introduction to the poetic books of the Old Testament :  |b the wisdom and songs of Israel /  |c by C. Hassell Bullock. 
264 1 |a Chicago :  |b Moody Press,  |c [1979] 
264 4 |c ©1979 
300 |a 281 pages ;  |c 24 cm. 
336 |a text  |b txt  |2 rdacontent 
337 |a unmediated  |b n  |2 rdamedia 
338 |a volume  |b nc  |2 rdacarrier 
500 |a Includes indexes. 
504 |a Bibliography: pages 259-272. 
650 0 |a Hebrew poetry, Biblical  |x History and criticism. 
740 0 |a Poetic books of the Old Testament. 
999 |a MARS 
999 f f |s 35803535-71ec-3c69-abff-dcffe55ca0a8  |i 8f074512-5332-374b-b03b-1a45aeb92423  |t 0 
952 f f |p ric  |a Texas A&M University  |b Rellis Campus  |c Joint Library Facility  |d Remote Storage  |t 0  |e BS1405.2 .B84  |h Library of Congress classification  |i unmediated -- volume  |m A14801781410 
998 f f |a BS1405.2 .B84  |t 0  |l Remote Storage